000 01641nam a22004217a 4500
003 CHAP
005 20220817044227.0
008 080924s2007 mx r 00010 spa d
010 _a95159
011 _a96131
035 _a106774
040 _cCHAP
090 _aTesis
100 1 _aDíaz González, Daniel.
_933480
245 1 0 _aPlan de negocios para la creación de una residencia universitaria en Texcoco, Estado de México
_c/por Daniel Díaz González
260 _aChapingo, Méx. :
_bEl autor,
_c2007.
300 _aii, 241 h. :
_bilus., gráfs., cuadros
502 _aTesis (Lic. en Administración de Empresas Agropecuarias) -- UACH. División de Ciencias Económico Administrativas
530 _aTambién disponible en línea
590 _aALEPH
_b10
_c20130110
_lUCH01
_h1524
590 _aBATCH-UPD
_b10
_c20130110
_lUCH01
_h0652
590 _aBATCH-UPD
_b10
_c20130410
_lUCH01
_h0337
590 _aBATCH-UPD
_b10
_c20130914
_lUCH01
_h1152
590 _aBATCH-UPD
_b10
_c20140324
_lUCH01
_h1507
590 _aBATCH-UPD
_b10
_c20141002
_lUCH01
_h0836
590 _aCONVERSION
_b10
_c20130109
_lUCH01
_h1353
650 1 4 _aDesarrollo económico.
650 1 4 _aMercadeo.
_974880
650 1 4 _aPlaneación regional
_zMéxico (Edo.).
_988729
650 1 4 _aProyectos
_xEvaluación.
_992525
650 1 4 _aVivienda
_zMéxico (Edo.).
_9120154
856 _3Finding aid
_uhttp://10.13.5.2/tesis/106774.pdf
_zTeclea aqui
901 _aBK
905 _aluigm
942 _cFOLL
949 _aTesis
_bBC
_cTES
_d33724002058025
_eTS2
_fc.2
_gDonaciØn
_h48089
_i106774
_sb
949 _aTesis
_bBC
_cTES
_d33724002072363
_eTS1
_gDonaciØn
_h48088
_i106774
_sb
999 _c95159
_d95159